000 01028nam a22002537a 4500
005 20100319153637.0
008 100319t xxu||||| |||| 00| 0 eng d
010 _aENG-95918
020 _a9788184840209
_c1250.00
035 _aEN-79451
037 _bDBAD/PUB
040 _aDPL
082 _a338.1854
100 _aMd. Tarique
245 _aEconomic reforms and Indian agriculture:
_cby Md. Tarique
_ba comparative analysis of pre and post reform era/
260 _aNew Delhi
_bRegal Publications
_c2009
270 _aF-159, Rajouri Garden
_bNew Delhi
_e110027
300 _alxiii, 311p. :
_c24 cm. (Hb)
_eCharts and Tables
500 _aIncludes bibliographical references and index
610 _aWorld Trade Organization
_zIndia
650 _aAgriculture and state
_zIndia
_xHistory
942 _2ddc
_cEN
_mTAR
_h338.1854
999 _c34796
_d34796